Pedagogy for religion (Record no. 221685)
[ view plain ]
| 000 -LEADER | |
|---|---|
| fixed length control field | 01765nam a2200373 a 4500 |
| 082 04 - DEWEY DECIMAL CLASSIFICATION NUMBER | |
| Classification number | 371.071/25414 |
| 100 1# - MAIN ENTRY--AUTHOR NAME | |
| Personal name | Sengupta, Parna, |
| 245 10 - TITLE STATEMENT | |
| Title | Pedagogy for religion |
| 260 ## - PUBLICATION, DISTRIBUTION, ETC. (IMPRINT) | |
| Place of publication | Berkeley : |
| Name of publisher | University of California Press, |
| Year of publication | c2011. |
| 300 ## - PHYSICAL DESCRIPTION | |
| Number of Pages | x, 211 p. |
| 505 0# - FORMATTED CONTENTS NOTE | |
| Formatted contents note | The molding of native character -- A curriculum for religion -- An object lesson in colonial pedagogy -- The schoolteacher as modern father -- Teaching gender in the colony -- Mission schools and Qur'an schools -- Conclusion : pedagogy for tolerance. |
| 650 #0 - SUBJECT ADDED ENTRY--TOPICAL TERM | |
| Topical Term | Education |
| Topical Term | Hindus |
| Topical Term | Muslims |
| Topical Term | Church schools |
| 856 40 - ELECTRONIC LOCATION AND ACCESS | |
| Uniform Resource Identifier | http://site.ebrary.com/lib/rucke/Doc?id=10480819 |
No items available.
